Score 0/15 Timer 04:00
2 Plays Today
Question Answer % Correct
The 1859 Indigo revolt by Bengali peasants was in opposition to what colonial empire?United Kingdom
79.3%
Indigo, Canada's largest book, gift and specialty toy retailer is headquartered in what city?Toronto
72.8%
What yellow fruit glows indigo under a black light when ripe, which aids birds and bats?banana
69.5%
Used to make jeans, indigo dye would be helpful on Denim Day, held in what month?April
66.2%
What award did the Indigo Girls win in 1990 for their self-titled album?Grammy
66.1%
Published by Ravensburger, Indigo is a 2012 board game developed in what EU country?Germany
65.5%
What American car company developed an Indy concept car in 1996 called 'Indigo'?Ford
61.3%
In what Latin American country was indigo the most important early export, after silver?Mexico
57.6%
Question Answer % Correct
Actress Indigo voiced 'Dang Dang' in Madea's Tough Love, with what actor as the title character?Tyler Perry
39.3%
What English scientist introduced indigo as one of the seven base colors in the mid-1660s?Isaac Newton
35.8%
An indigo aura denotes interest in religion according to what possessors of ESP?psychics
26.6%
'Mood Indigo' is a 1930 jazz composition composed by what African American pianist?Duke Ellington
26.6%
The Indigo Tribe is a fictional organization that primarily appears in what DC Comics series?Green Lantern
20.7%
'Indigo Angel' was the name of an episode of what 90s supernatural CBS drama?Touched by an Angel
17%
In what language is indigo known as indikó?Greek
16.3%
Remove Ads.
Support Sporcle.
Get the best of Sporcle when you Go Orange. This ad-free experience offers more features, more stats, and more fun while also helping to support Sporcle. Thank you for becoming a member.

You're not logged in!

Compare scores with friends on all Sporcle quizzes.
OR
Log In

Sporcle TV

Today on Sporcle TV


Watch our educational content, quiz creation guides, and fun videos on Sporcle TV.

Show Comments

Extras

Top Quizzes Today


Score Distribution

Paid Content

Your Account Isn't Verified!

In order to create a playlist on Sporcle, you need to verify the email address you used during registration. Go to your Sporcle Settings to finish the process.

Report this User

Report this user for behavior that violates our Community Guidelines.

Details: